000 00254nam a22001097a 4500
082 _a621.381
100 _aHOEBEEK, A. M
_961168
245 _aLINEAR IC EQUIVALENTS WITH PIN CONNECTIONS
260 _aNEWDELHI
_bBPB
_c1988
300 _a247P
942 _cBK
999 _c570711
_d570711